| 000 | 00417cam a22001217a 4500 | ||
|---|---|---|---|
| 008 | 180718b-- xxu||||| |||| 00| 0 eng d | ||
| 082 | _aA75 K45KE | ||
| 245 | _aKerala state gazetteer | ||
| 260 |
_aTrivandrum _bKerala District Gazetteers _c-- |
||
| 300 | _a-v- | ||
| 500 | _aContents: v.1. 1986. 401+p.;v.2. 1986. 380+p.;v.2. Part II. 1999.94p+;v.3. 1989. 779+p.;v.4. Part II. 1999. 387p. | ||
| 650 | _aKerala - Gazetteers | ||
| 999 |
_c487117 _d487117 |
||